Mystérium tvorby, života a lásky K 120. výročiu narodenia F.X. Šaldu

Bibliographic Details
Main Author: Čechvala, Milan, 1940-2019 (Author)
Format: Article
Language:Slovak
PhysicalDescription:Fot. 1.
Subjects:

MARC

LEADER 00000nab a2200000 a 4500
001 vtls000298020
003 SK-MaSNL
005 20260304000725.0
008 160202c1987 xo 0 slo
015 |a SNBRB19rr/mm-uuuuu 
035 |a CL0308139 
040 |a SNKBUCL  |b slo  |c SNKBUCL  |e AACR2 
041 0 |a slo 
044 |a xo  |c SK 
080 |a 82:929:885.0  |2 1981 
080 |a 929  |2 1981 
080 |a 885.0  |2 1981 
080 |a 929 Šalda, František Xaver  |2 1981 
080 |a 82.09  |2 1981 
100 1 |a Čechvala, Milan,  |d 1940-2019  |4 aut  |9 246868 
245 1 0 |a Mystérium tvorby, života a lásky  |b K 120. výročiu narodenia F.X. Šaldu  |c Milan Čechvala 
300 |b Fot. 1. 
600 1 7 |a Šalda, F. X.  |q (František Xaver),  |d 1867-1937  |2 snkbucl  |9 112587 
655 7 |a články z novín a časopisov  |2 snkbucl  |9 267496 
655 7 |a články z odboru literárna veda a krásna literatúra  |2 snkbucl  |9 770045 
773 0 |t Nedeľná Pravda  |g Roč. 20, č. 50 (1987), s. 5 
850 |a Slovenská národná knižnica v Martine  |a MTA001 
852 |a SNK  |b KIS3GCP 
958 |a RK 
958 |a CZ 
958 |a LX 
992 |a RBX 
999 |c 2532747  |d 2534677